000 00616nam a2200205 a 4500
001 6042
003 BD-RjUL
005 20211208234156.0
008 140108s1952 enk 000 0 eng d
035 _a(BD-RjUL)6081
040 _aVCAV
_beng
_cVCAV
_dXNTU
_dBD-RjUL
041 _aeng
082 0 0 _a370.1
_bLIE 1952
100 1 _aLivingstone, R. W.
_q(Richard Winn),
_d1880-1960.
_919001
245 1 0 _aEducation and the spirit of the age /
_cby Sir R.W. Livingstone.
260 _aOxford :
_bClarendon Press,
_c1952.
300 _aviii, 114 p. ;
_c19cm.
650 0 _aEducation
_xPhilosophy.
_919002
942 _2ddc
_cBK
999 _c6042
_d6042